书目信息 |
| 题名: |
中国艺术歌曲选
|
|
| 作者: | 胡钟刚 主编 | |
| 分册: | 上册 | |
| 出版信息: | 北京 人民音乐出版社 1997 |
|
| 页数: | 166页 | |
| 开本: | 26cm | |
| 丛书名: | 声乐艺术教育丛书 | |
| 单 册: | ||
| 中图分类: | J642.5 | |
| 科图分类: | ||
| 主题词: | 艺术歌曲--中国--1945~1965--选集 , 艺术歌曲 | |
| 电子资源: | ||
| ISBN: | 7-103-01465-5 | |
| 000 | 00952ocm2 2200253 450 | |
| 001 | 0199047352 | |
| 005 | 20070807084446.51 | |
| 010 | @a7-103-01465-5@dCNY43.60(上下册) | |
| 100 | @a20030305e20041997em y0chiy0110 ea | |
| 101 | 0 | @achi |
| 102 | @aCN@b110000 | |
| 105 | @ag z 000yy | |
| 200 | 1 | @a中国艺术歌曲选@9zhong guo yi shu ge qu xuan@e1949~1965@h上册@f胡钟刚主编 |
| 210 | @a北京@c人民音乐出版社@d1997@h2004 | |
| 215 | @a166页@d26cm | |
| 225 | 2 | @a声乐艺术教育丛书@i声乐教学曲库@i中国作品@v5 |
| 330 | @a本书共分上、下两册,收入了1949~1965年创作的中国艺术歌曲,其中包括《阿瓦日古丽》、《啊!亲爱的伊犁河》、《敖包相会》、《百灵鸟,你这美妙的歌手》等。 | |
| 462 | 0 | @12001 @a声乐艺术教育丛书@i声乐教学曲库@i中国作品@v5@1701 0@a储声虹@4主编 |
| 606 | 0 | @a艺术歌曲@y中国@z1945~1965@j选集 |
| 606 | 0 | @a艺术歌曲 |
| 690 | @aJ642.5@v4 | |
| 701 | 0 | @a胡钟刚@9hu zhong gang@4主编 |
| 801 | 0 | @aCN@bNLC@c20070807 |
| 905 | @a10447@dJ642.5@e229:1 | |
| 中国艺术歌曲选:1949~1965.上册/胡钟刚主编.-北京:人民音乐出版社,1997(2004) |
| 166页;26cm.-(声乐艺术教育丛书.声乐教学曲库.中国作品;5) |
| ISBN 7-103-01465-5:CNY43.60(上下册) |
| 本书共分上、下两册,收入了1949~1965年创作的中国艺术歌曲,其中包括《阿瓦日古丽》、《啊!亲爱的伊犁河》、《敖包相会》、《百灵鸟,你这美妙的歌手》等。 |
| ● |
| 相关链接 |
|
|
|
|
正题名:中国艺术歌曲选
索取号:J642.5/229:1
 
预约/预借
| 序号 | 登录号 | 条形码 | 馆藏地/架位号 | 状态 | 备注 |
| 1 | 0802902 | 208029024 | 第一样本阅览室/ [索取号:J642.5/229:1] | 在馆 | |
| 2 | 0802903 | 208029033 | 第一借阅区/ [索取号:J642.5/229:1] | 在馆 | |
| 3 | 0802904 | 208029042 | 第一借阅区/ [索取号:J642.5/229:1] | 在馆 | |
| 4 | 0802905 | 208029051 | 第一借阅区/ [索取号:J642.5/229:1] | 在馆 | |
| 5 | 0802906 | 208029060 | 音乐系资料室/ [索取号:J642.5/229:1] | 在馆 |